Normal view
MARC view
Entry Topical Term
001 - CONTROL NUMBER
- control field: 28473
003 - CONTROL NUMBER IDENTIFIER
- control field: OSt
005 - DATE AND TIME OF LATEST TRANSACTION
- control field: 20211029162000.0
008 - FIXED-LENGTH DATA ELEMENTS
- fixed length control field: 211029|| aca||aabn | a|a d
040 ## - CATALOGING SOURCE
- Original cataloging agency: OSt
- Transcribing agency: OSt
150 ## - HEADING--TOPICAL TERM
- Topical term or geographic name entry element: Policing, body-worn cameras, Technology and government, Citizen expectations
670 ## - SOURCE DATA FOUND
- Source citation: Work cat.: (OSt): Wright, James E. Headley, Andrea M. 28472, Can technology work for policing? citizen perceptions of police-body worn cameras
